[Paranoid Park] = Paranoid Park /
Un adolescente que practica "skateboarding" aborda con la patineta un tren y mata con ésta, accidentalmente, a un guardia de seguridad que lo descubre. Aunque logra deshacerse de las evidencias físicas más notorias, su sentimiento de culpa le impide llevar una vida normal, junto con el estrés por el...
保存先:
| 第一著者: | |
|---|---|
| その他の著者: | , , , , , , |
| フォーマット: | |
| 言語: | 英語 |
| 主題: | |
| タグ: |
タグなし, このレコードへの初めてのタグを付けませんか!
|
MARC
| LEADER | 00000ngm^a2200000^a^4500 | ||
|---|---|---|---|
| 001 | 000311584 | ||
| 005 | 20250521000000.0 | ||
| 009 | 20260310113049.522 | ||
| 037 | |a Acervo ITESO - Biblioteca | ||
| 041 | |a ING | ||
| 082 | |a 810. |b VAN | ||
| 100 | |a Van Sant, Gus |e (realización) | ||
| 245 | 1 | 0 | |a [Paranoid Park] = |b Paranoid Park / |c Realización de G. Van Sant |
| 264 | 2 | |a Santa Mónica, EUA : |b Genius Products [distribución], |c 2007, c2007 | |
| 300 | |a 1 DVD región 1 |c (85 min.) | ||
| 336 | |a imagen móvil bidimensional |b tdi |2 rdacontenido | ||
| 337 | |a video |b v |2 rdamedio | ||
| 338 | |a videodisco |b vd |2 rdasoporte | ||
| 500 | |a Basado en: Paranoid Park, de Blake Nelson | ||
| 520 | |a Un adolescente que practica "skateboarding" aborda con la patineta un tren y mata con ésta, accidentalmente, a un guardia de seguridad que lo descubre. Aunque logra deshacerse de las evidencias físicas más notorias, su sentimiento de culpa le impide llevar una vida normal, junto con el estrés por el divorcio de sus padres y la presión de su novia por tener relaciones sexuales. Una amiga le sugiere que escriba aquello que no puede confiarle a nadie, aquello que lo está atormentando, y él así lo hace. | ||
| 546 | |a En inglés, con subtítulos opcionales: español, inglés | ||
| 586 | |a Festival Internacional de Cine de Cannes (60º: 2007): Premio Especial del 60 Aniversario | ||
| 586 | |a Premio Spirit, del Cine Independiente Norteamericano (23°: 2008): Mejor Película (finalista) | ||
| 586 | |a Premio Spirit, del Cine Independiente Norteamericano (23°: 2008): Mejor Dirección (finalista: Gus Van Sant) | ||
| 649 | |a XX | ||
| 650 | |a Adolescentes en el Cine | ||
| 650 | |a Adolescentes - |z EUA - |x Condiciones Sociales y Culturales | ||
| 650 | |a Poesía en el Cine | ||
| 650 | |a Dramas Cinematográficos | ||
| 650 | |a Cine Independiente - |z EUA | ||
| 650 | |a Cine Norteamericano - |y 2000-2009 | ||
| 650 | |a Cine Norteamericano - |y Siglo XXI | ||
| 650 | |a Novela Norteamericana - |x Adaptaciones para Cine | ||
| 650 | |a Literatura Juvenil - |z EUA - |x Adaptaciones para Cine | ||
| 650 | |a Literatura Norteamericana - |x Adaptaciones para Cine | ||
| 650 | |a Literatura y Cine | ||
| 650 | |a Skateboarding | ||
| 650 | |a Homicidio | ||
| 650 | |a Culpa | ||
| 650 | |a Secretos Personales | ||
| 650 | |a Educación Media Superior | ||
| 700 | |a Van Sant, Gus |e (guión) | ||
| 700 | |a Doyle, Christopher |e (fotógrafo) | ||
| 700 | |a Li, Kathy |e (fotógrafo) | ||
| 700 | |a Van Sant, Gus |e (montaje) | ||
| 700 | |a Nevins, Gabe |e (actuación) | ||
| 700 | |a Momsen, Taylor |e (actuación) | ||
| 700 | |a Miller, Jake |e (actuación) | ||
| 910 | |a Fondo General | ||
| 920 | |a Audiovisuales - DVDs | ||
| 940 | |a Películas | ||
| 905 | |a 302 | ||
| 901 | |a 0500183735 |b IT2 |c DVS |i C117912 |u 20250521 | ||
| 902 | |a https://opac.biblio.iteso.mx/vufind/Record/000311584 | ||